Top 15 des youtubeuses françaises - Statistiques

Statistiques générales
  • Ce quiz a été pris 532 fois
  • Le résultat moyen est 4 sur 15
Statistiques - réponses
Followers (en million) Réponse % Correct
5,17 Natoo
83%
2,13 Lena Situation
63%
3,66 EnjoyPhoenix
62%
3,56 ANDY
43%
3,04 Sananas
33%
1,86 gaelle garcias diaz
32%
4,09 L'atelier de Roxane
26%
1,97 Shera Kerienski
20%
2,39 Horia
17%
2,68 Juju Fitcats
17%
1,65 Emy LRT
9%
1,59 Juste Zoé
9%
1,54 Romy
9%
2,13 Thedollbeauty
7%
1,87 Sissy Mua
2%
Aucun quiz correspondant
Distribution des résultats
% des personnes avec chaque résultat
Percentile par nombre de réponses
Votre historique - résultats
Vous n’avez pas pris ce quiz